000
00265nam a2200121Ia 4500
008
241002s9999 xx 000 0 und d
082
_a
954 PAN
100
_a
Panday, B.N
245
2
_a
A Book of India
260
_a
London:
_c
1965
600
_a
History
942
_c
UC
999
_c
18560
_d
18560